Fogy a nótás kedvem

Údaje o autorovi zatiaľ neobjasnené bližšie.

Podrobná bibliografia
Hlavný autor: Tarnóczy, ? (Author)
Médium: Článok
Jazyk:Hungarian
Témy:
Zdroj: 1. Sajó-Vidék : Vegyestartalmú hetilap 1. Roč. 15, č. 38 (19.09.1912) s. 2
LEADER 00841nab#a2200313#ar4500
001 000073501
003 SVKKK
005 19970925xxxxxxx.
008 06 c xo huno
FMT
038 |a SVKKK 
040 |a SVKKK  |b slo  |e AACR2 
041 0 |a hun 
044 |a xo  |c SK 
080 |a 894.511(437.6)-1 
100 1 |a Tarnóczy, ?  |4 aut 
242 1 0 |a Ubúda mi spevavej nálady 
245 1 0 |a Fogy a nótás kedvem  |c ? Tarnóczy 
500 |a Správne: Fogy a nótás kedvem ... 
520 2 |a Údaje o autorovi zatiaľ neobjasnené bližšie. 
650 0 4 |a báseň - literatúra maďarská - texty 
773 0 |t Sajó-Vidék : Vegyestartalmú hetilap  |g Roč. 15, č. 38 (19.09.1912) s. 2 
957 |a Rožňava? 
958 |a DG 
958 |a SK 
974 |a ebl  |d 19970925 
992 |a RBX 
BAS
998 |a RETRO